Skip to main content
Your cart is empty.
Your lists
Log in to create your own lists
Your cookies
العربية
English
العربية
Home
Search
Advanced search
Authority search
About
The noble scholar, jurist, historian
His Excellency Dr. Abdul Wahhab bin Ibrahim Abu Sulaiman, may Allah have mercy on him.
He was born in Umm Al-Qura in the year 1356 AH.
Library catalog
Title
Author
Subject
ISBN
ISSN
Series
Call number
Log in to your account
×
Login:
Password:
Home
MARC view: شباك المناسخات /
Normal view
MARC view
ISBD view
شباك المناسخات / (Record no. 5691)
[
view plain
]
MARC details
000 -LEADER
fixed length control field
02699cam a2200337 i 4500
003 - CONTROL NUMBER IDENTIFIER
control field
SA-RiAUC
005 - DATE AND TIME OF LATEST TRANSACTION
control field
20250207134754.0
008 - FIXED-LENGTH DATA ELEMENTS--GENERAL INFORMATION
fixed length control field
250206s2011____su g 000 0 ara c
020 ## - INTERNATIONAL STANDARD BOOK NUMBER
International Standard Book Number
9789960686639
024 0# - OTHER STANDARD IDENTIFIER
Standard number or code
00000000335136
040 ## - CATALOGING SOURCE
Original cataloging agency
SA-RiKAPL
Language of cataloging
ara
Transcribing agency
SA-RiAUC
Modifying agency
KAC
Description conventions
rda
082 04 - DEWEY DECIMAL CLASSIFICATION NUMBER
Classification number
253.901
Assigning agency
SA-RiAUC
090 ## - LOCALLY ASSIGNED LC-TYPE CALL NUMBER (OCLC); LOCAL CALL NUMBER (RLIN)
Classification number (OCLC) (R) ; Classification number, CALL (RLIN) (NR)
253.901
Local cutter number (OCLC) ; Book number/undivided call number, CALL (RLIN)
ا ب ن هـ
100 1# - MAIN ENTRY--PERSONAL NAME
Personal name
ابن الهائم، أحمد بن محمد بن عماد الدين،
Dates associated with a name
753-815 هجري
Relator term
مؤلف.
245 10 - TITLE STATEMENT
Title
شباك المناسخات /
Statement of responsibility, etc.
تأليف الإمام أبي العباس أحمد بن محمد بن عماد الشهاب القرافي المصري المقدسي الشافعي المعروف بابن الهائم ؛ دراسة وتحقيق يوسف بن سليمان بن عبد الله العاصم.
250 ## - EDITION STATEMENT
Edition statement
الطبعة الأولى.
264 #1 - PRODUCTION, PUBLICATION, DISTRIBUTION, MANUFACTURE, AND COPYRIGHT NOTICE
Place of production, publication, distribution, manufacture
الرياض :
Name of producer, publisher, distributor, manufacturer
دار الميمان للنشر والتوزيع،
Date of production, publication, distribution, manufacture, or copyright notice
2011
300 ## - PHYSICAL DESCRIPTION
Extent
127 صفحة ؛
Dimensions
24 × 17 سم
336 ## - CONTENT TYPE
Content type term
نص
Content type code
txt
Source
rdacontent
Materials specified
كتاب
337 ## - MEDIA TYPE
Media type term
بدون وسيط
Media type code
n
Source
rdamedia
338 ## - CARRIER TYPE
Carrier type term
مجلد
Carrier type code
nc
Source
rdacarrier
500 ## - GENERAL NOTE
General note
الصف والإخراج الطباعي وتصميم الغلاف : دار الميمان للنشر والتوزيع.
504 ## - BIBLIOGRAPHY, ETC. NOTE
Bibliography, etc. note
ببليوجرافية : صفحة 121-124.
520 ## - SUMMARY, ETC.
Summary, etc.
هذا الكتاب كتاب لم يسبق إليه مؤلفه، فهو يعد مصدرا في موضوعه، حيث تناول فيه المؤلف بابا دقيقا وغامضا من أبواب المواريث، هو باب المناسخات الذي يمثل قسما مهما في قسمة الفرائض الشرعية، حيث يهتم بتوزيع الأنصبة المتداخلة والمتشابكة التي قد تخفى على الماهرين بالمواريث أنفسهم، مستخدما في ذلك طريقة عمل الجدول وعلى الرغم من صعوبة المسائل التي تندرج تحت هذا النوع من المواريث، إلا أن المصنف قد صرف همته لتيسيرها وحل معضلاتها، وفك غامضها بلغة سهلة وأسلوب واضح جمع فيه بين النظرية والتطبيق عن طريق جدولة المسائل في تقريب واف وشرح شاف.
650 #7 - SUBJECT ADDED ENTRY--TOPICAL TERM
Topical term or geographic name entry element
التركات (فقه إسلامي)
Source of heading or term
aucsh
650 #7 - SUBJECT ADDED ENTRY--TOPICAL TERM
Topical term or geographic name entry element
المواريث (فقه إسلامي)
Source of heading or term
aucsh
700 1# - ADDED ENTRY--PERSONAL NAME
Personal name
العاصم، يوسف بن سليمان
Relator term
محقق.
700 12 - ADDED ENTRY--PERSONAL NAME
Relationship information
تحقيق لـ (عمل) :
Personal name
ابن الهائم، أحمد بن محمد بن عماد الدين،
Dates associated with a name
753-815 هجري.
Title of a work
شباك المناسخات
942 ## - ADDED ENTRY ELEMENTS (KOHA)
Source of classification or shelving scheme
Dewey Decimal Classification
Koha item type
Books
Suppress in OPAC
No
949 ## - LOCAL PROCESSING INFORMATION (OCLC)
a
SA-JeALM
d
250206
u
osman123
n
1
Holdings
Withdrawn status
Lost status
Source of classification or shelving scheme
Damaged status
Not for loan
Home library
Current library
Date acquired
Total checkouts
Full call number
Barcode
Date last seen
Price effective from
Koha item type
Dewey Decimal Classification
DR AbdElwahab Library
DR AbdElwahab Library
02/07/2025
253.901 ا ب ن هـ
000009111
02/07/2025
02/07/2025
Books
Dewey Decimal Classification
DR AbdElwahab Library
DR AbdElwahab Library
02/07/2025
253.901 ا ب ن هـ
000009112
02/07/2025
02/07/2025
Books
Place hold
Print
Add to your cart
(remove)
Save record
BIBTEX
Dublin Core
MARCXML
MARC (non-Unicode/MARC-8)
MARC (Unicode/UTF-8)
MARC (Unicode/UTF-8, Standard)
MODS (XML)
RIS
ISBD
More searches
Search for this title in:
Other Libraries (WorldCat)
Other Databases (Google Scholar)
Online Stores (Bookfinder.com)
Open Library (openlibrary.org)
Exporting to Dublin Core...
×
Simple DC-RDF
OAI-DC
SRW-DC